书目信息 |
| 题名: |
水生生物学
|
|
| 作者: | 赵文 主编 | |
| 分册: | ||
| 出版信息: | 北京 中国农业出版社 2015.11 |
|
| 页数: | 518页 | |
| 开本: | 26cm | |
| 丛书名: | ||
| 单 册: | ||
| 中图分类: | Q17 | |
| 科图分类: | ||
| 主题词: | 水生生物学 | |
| 电子资源: | ||
| ISBN: | 7-109-20948-2 | |
| 000 | 00553nam0 2200193 450 | |
| 001 | 2359844164 | |
| 005 | 20230216163853.55 | |
| 010 | @a7-109-20948-2@dCNY64.50 | |
| 100 | @a20230216d2015 km y0chiy0120 ea | |
| 101 | 0 | @achi |
| 102 | @aCN@b110000 | |
| 200 | 1 | @a水生生物学@AShui Sheng Sheng Wu Xue@f赵文主编@FZhao Wen Zhu Bian |
| 210 | @a北京@c中国农业出版社@d2015.11 | |
| 215 | @a518页@d26cm | |
| 606 | 0 | @a水生生物学 |
| 690 | @aQ17@v4 | |
| 701 | 0 | @a赵文@AZhao Wen@4主编 |
| 801 | 0 | @aCN@b大连网信软件有限公司图书馆·11@c20230216 |
| 905 | @aZUCC@dQ17@e331 | |
| 水生生物学/赵文主编.-北京:中国农业出版社,2015.11 |
| 518页;26cm |
| ISBN 7-109-20948-2:CNY64.50 |
| ● |
| 相关链接 |
|
|
|
|
正题名:水生生物学
索取号:Q17/331
 
预约/预借
| 序号 | 登录号 | 条形码 | 馆藏地/架位号 | 状态 | 备注 |
| 1 | 1052684 | 210526849 | 第二样本阅览室/ [索取号:Q17/331] | 在馆 |